[Event "Class Tournaments HC #11"]
[Site "SchemingMind.com"]
[Date "2014.08.22"]
[Round "-"]
[White "PawnPusherPete"]
[Black "Ebanon "]
[Result "1/2-1/2"]
[WhiteCountry "ENG"]
[BlackCountry "ESP"]
[WhiteElo "2421"]
[WhiteRD "96"]
[BlackElo "2410"]
[BlackRD "75"]
[GameID "363498"]

1. d4 Nf6 2. c4 g6 3. Nf3 Bg7 4. g3 O-O 5. Bg2 d6 6. Nc3 Nc6 7. O-O a6 8. h3 Rb8 9. e4 b5 10. e5 dxe5
11. dxe5 Nd7 12. e6 fxe6 13. cxb5 axb5 14. Qe2 b4 15. Ne4 Rb6 16. Rd1 Ba6 17. Qe1 Rxf3 18. Bxf3 Nd4 19. Bg2 Ne5 20. Rxd4 Qxd4
21. Be3 Qxb2 22. Rb1 Qxa2 23. Bxb6 Nd3 24. Qd1 cxb6 25. Rb3 Bc3 26. Bf1 Qa4 27. h4 Bc4 28. Rb1 Qxd1 29. Rxd1 Nb2 30. Rc1 Bxf1
31. Kxf1 Na4 32. Ke2 Bd4 33. Rc8+ Kg7 34. Rc4 Nc3+ 35. Kd3 e5 36. Rxb4 Nxe4=
1/2-1/2

[Event "Class Tournaments HC #11"]
[Site "SchemingMind.com"]
[Date "2014.08.22"]
[Round "-"]
[White "Ebanon "]
[Black "PawnPusherPete"]
[Result "1-0"]
[WhiteCountry "ESP"]
[BlackCountry "ENG"]
[WhiteElo "2430"]
[WhiteRD "75"]
[BlackElo "2426"]
[BlackRD "87"]
[GameID "363499"]

1. e4 c5 2. Nf3 d6 3. d4 cxd4 4. Nxd4 Nf6 5. Nc3 a6 6. Be3 Ng4 7. Bg5 h6 8. Bh4 g5 9. Bg3 Bg7 10. h3 Ne5
11. Nf5 Bxf5 12. exf5 Nbc6 13. Nd5 e6 14. fxe6 fxe6 15. Ne3 Qa5+ 16. c3 Nf3+ 17. Qxf3 Bxc3+ 18. Kd1 Qa4+ 19. Nc2 Bxb2 20. Rc1 Rc8
21. Bd3 Rf8 22. Qh5+ Kd7 23. Qxh6 Qxa2 24. Qh7+ Ne7 25. Ke2 Rh8 26. Qe4 Bxc1 27. Rxc1 Qb2 28. Re1 Nf5 29. Kf1 Nxg3+ 30. fxg3 Rhe8
31. Kg1 Kc7 32. Nd4 Kb8 33. Kh2 Rc1 34. Rxc1 Qxc1 35. Qg6 Qc8 36. Qxg5 e5 37. Nf5 d5 38. h4 Qc7 39. h5 e4 40. Be2 Qe5
41. Qf4 b5 42. Qxe5+ Rxe5 43. g4 b4 44. h6 b3 45. Bd1
1-0

[Event "Class Tournaments HC #11"]
[Site "SchemingMind.com"]
[Date "2014.08.24"]
[Round "-"]
[White "teejaytee"]
[Black "Ebanon "]
[Result "1/2-1/2"]
[WhiteCountry "ENG"]
[BlackCountry "ESP"]
[WhiteElo "2524"]
[WhiteRD "85"]
[BlackElo "2410"]
[BlackRD "75"]
[GameID "363506"]

1. e4 c5 2. Nf3 d6 3. Bb5+ Nd7 4. d4 Nf6 5. O-O a6 6. Bxd7+ Bxd7 7. Nc3 cxd4 8. Qxd4 e5 9. Qd3 h6 10. Nd2 Qc7
11. a4 Rc8 12. h3 Be7 13. Rd1 O-O 14. Nf1 Be6 15. a5 Qc5 16. Ne3 Rfd8 17. Ra4 Qc7 18. Bd2 Qc6 19. Ned5 Bxd5 20. exd5 Qc7
21. Be3 Nd7 22. Rg4 Kh8 23. Rb4 Re8 24. Qf5 Kg8 25. Ra1 g6 26. Qd3 Kg7 27. Qd2 h5 28. Qe2 f5 29. Ra3 Qb8 30. Rab3 Rc7
31. Na4 Rf8= 32. Qd3 Rf7 33. Nb6 Nxb6 34. Bxb6 Rd7 35. Rc4 Bf6 36. Qd1 Qe8 37. Re3 Rf8 38. Re1 g5 39. Re3 g4 40. Rb3 Rg8
41. Qd3 e4 42. Qd2 Qe7 43. Bd4 Kg6 44. Bxf6 Qxf6 45. Rcb4 Rgg7 46. hxg4 hxg4 47. Qf4 Qg5 48. g3 Qxf4 49. gxf4 Rc7 50. Rb6 Rgd7
51. c4 Rxc4 52. Rxb7 Rxb7 53. Rxb7 Rd4 54. Rb6 Kh5 55. Rxa6 g3 56. Ra7 Rd2 57. Rh7+ Kg4 58. Rg7+ Kxf4 59. Rxg3 Rxb2 60. Ra3 Rb1+
61. Kg2 Rb7= 62. a6 Ra7=
1/2-1/2

[Event "Class Tournaments HC #11"]
[Site "SchemingMind.com"]
[Date "2014.08.23"]
[Round "-"]
[White "Ebanon "]
[Black "teejaytee"]
[Result "1/2-1/2"]
[WhiteCountry "ESP"]
[BlackCountry "ENG"]
[WhiteElo "2422"]
[WhiteRD "76"]
[BlackElo "2544"]
[BlackRD "86"]
[GameID "363507"]

1. e4 e5 2. Nf3 Nc6 3. Bc4 Bc5 4. b4 Bxb4 5. c3 Ba5 6. d4 exd4 7. O-O Nge7 8. Ng5 d5 9. exd5 Ne5 10. Bb3 O-O
11. Nxh7 Kxh7 12. Qh5+ Kg8 13. Qxe5 Nf5 14. cxd4 Re8 15. Qf4 Qd6 16. Qxd6 cxd6 17. Bd2 Bb6 18. Nc3 Bd7 19. Rfe1 Nxd4 20. Ba4 Bxa4
21. Nxa4 Bc5 22. Kf1 f6 23. Rxe8+ Rxe8 24. Re1 Kf7 25. Rxe8 Kxe8 26. Be3 Ke7 27. Ke1 Nc2+ 28. Ke2 Nxe3 29. fxe3 f5 30. Nb2=
1/2-1/2

[Event "Class Tournaments HC #11"]
[Site "SchemingMind.com"]
[Date "2014.08.26"]
[Round "-"]
[White "teejaytee"]
[Black "kynaston"]
[Result "1/2-1/2"]
[WhiteCountry "ENG"]
[BlackCountry "ENG"]
[WhiteElo "2524"]
[WhiteRD "85"]
[BlackElo "2572"]
[BlackRD "100"]
[GameID "363655"]

1. e4 e5 2. Nc3 Nf6 3. a3 Bc5 4. Nf3 d6 5. Bc4 O-O 6. O-O Nc6 7. d3 Nd4 8. h3 Be6 9. Bxe6 Nxe6 10. Ne2 Re8
11. c3 a5 12. Ng3 a4 13. d4 exd4 14. cxd4 Bb6 15. Qd3 d5 16. e5 Nd7 17. Be3 c6 18. Nf5 Bc7 19. Rae1 f6 20. exf6 Qxf6
21. Bc1 Ndf8 22. Ng3 Qg6 23. Nf5 Qf6 24. Ng3 Qg6 25. Nf5 Qf7 26. Ne5 Bxe5 27. dxe5 Nc5 28. Qc2 Ne4 29. Nd4 Ne6 30. Nxe6 Qxe6
31. f3 Ng3 32. Rf2 Qf5 33. Qxf5 Nxf5 34. Bd2 Nd4=
1/2-1/2

[Event "Class Tournaments HC #11"]
[Site "SchemingMind.com"]
[Date "2014.08.26"]
[Round "-"]
[White "kynaston"]
[Black "teejaytee"]
[Result "1/2-1/2"]
[WhiteCountry "ENG"]
[BlackCountry "ENG"]
[WhiteElo "2569"]
[WhiteRD "101"]
[BlackElo "2517"]
[BlackRD "81"]
[GameID "363656"]

1. d4 Nf6 2. c4 e6 3. Nf3 Bb4+ 4. Nbd2 b6 5. e3 Bb7 6. Bd3 O-O 7. O-O d5 8. a3 Be7 9. b3 Nbd7 10. cxd5 exd5
11. Bb2 Ne4 12. Qc2 f5 13. Ne5 Rc8 14. Ndf3 c5 15. Qe2 Ndf6 16. Rac1 Qd6 17. Nd2 Qe6 18. f3 Nxd2 19. Qxd2 Bd6 20. a4 Nd7
21. f4 Nf6 22. Rfd1 Ne4 23. Bxe4 fxe4 24. a5 h6 25. h3 Kh7 26. Ra1 Rc7 27. a6 Ba8 28. Rac1 Rcc8 29. Qe2 Bxe5 30. dxe5 Bc6
31. Rd2 Kg8 32. b4 cxb4 33. Rdc2 b3 34. Rd2 Ba4 35. Rxc8 Rxc8 36. Qd1 Kh7 37. Rxd5 Rc2 38. Rd2 Qc4 39. e6 Qxe6 40. Rxc2 bxc2
41. Qd4 c1=Q+ 42. Bxc1=
1/2-1/2

[Event "Class Tournaments HC #11"]
[Site "SchemingMind.com"]
[Date "2014.10.06"]
[Round "-"]
[White "teejaytee"]
[Black "kibic"]
[Result "1/2-1/2"]
[WhiteCountry "ENG"]
[BlackCountry "INT"]
[WhiteElo "2524"]
[WhiteRD "85"]
[BlackElo "2442"]
[BlackRD "77"]
[GameID "366566"]

1. e4 c5 2. f4 d5 3. exd5 Nf6 4. Bb5+ Bd7 5. Bxd7+ Qxd7 6. c4 e6 7. Qe2 Bd6 8. d3 O-O 9. dxe6 fxe6 10. Nf3 Nc6
11. O-O Rae8 12. Nc3 e5 13. f5 Nd4 14. Qd1 Nxf5 15. Bg5 Ng4 16. Nd2 h5 17. Nde4 Be7 18. Bxe7 Qd4+ 19. Kh1 Rxe7 20. Rf3 Ref7
21. Qe1 Nd6 22. Ne2 Qxb2 23. Rb1 Qc2 24. Rc1 Qb2=
1/2-1/2

[Event "Class Tournaments HC #11"]
[Site "SchemingMind.com"]
[Date "2014.10.07"]
[Round "-"]
[White "PawnPusherPete"]
[Black "kibic"]
[Result "1/2-1/2"]
[WhiteCountry "ENG"]
[BlackCountry "INT"]
[WhiteElo "2400"]
[WhiteRD "81"]
[BlackElo "2437"]
[BlackRD "74"]
[GameID "366568"]

1. d4 d5 2. Nf3 c6 3. c4 Nf6 4. Nc3 e6 5. g3 Nbd7 6. Bg2 Be7 7. Qd3 O-O 8. O-O b6 9. cxd5 exd5 10. Bf4 Bb7
11. Rac1 Re8 12. Rfd1 Nf8 13. Bh3 Ng6 14. Be5 Bc8 15. Bg2 h6 16. h3 Be6 17. a3 Rc8 18. e3 Nh7 19. g4 Ng5 20. Nxg5 hxg5
21. Bg3 Bd6 22. b4 Qd7 23. Re1 Rcd8 24. Bxd6 Qxd6 25. b5 c5 26. dxc5 bxc5 27. Rcd1 d4 28. Ne4 Qe7 29. Qb1 dxe3 30. Rxe3 Nf4
31. Rc1 Rd5 32. Ng3 Rd2 33. Bf1 Rc8 34. a4 c4 35. Ne4 Rd7 36. a5 Rb7 37. Nc3 Qd8 38. b6 axb6 39. Rd1 Qe7 40. axb6 Rcb8
41. Na4 Qe8 42. Qb4 Qc8 43. Qa5 Rd7 44. Rxd7 Bxd7=
1/2-1/2

[Event "Class Tournaments HC #11"]
[Site "SchemingMind.com"]
[Date "2014.10.07"]
[Round "-"]
[White "kibic"]
[Black "PawnPusherPete"]
[Result "1/2-1/2"]
[WhiteCountry "INT"]
[BlackCountry "ENG"]
[WhiteElo "2437"]
[WhiteRD "74"]
[BlackElo "2400"]
[BlackRD "81"]
[GameID "366569"]

1. d4 Nf6 2. c4 g6 3. Nc3 Bg7 4. e4 O-O 5. Nf3 d6 6. Be2 e5 7. O-O exd4 8. Nxd4 Re8 9. f3 c6 10. Kh1 Nbd7
11. Be3 d5 12. cxd5 Nxd5 13. exd5 Rxe3 14. dxc6 Nb6 15. Nc2 Qxd1 16. Rfxd1 Re7 17. Rd8+ Bf8 18. Bb5 a6 19. Na4 Nxa4 20. Bxa4 Kg7
21. Re1 bxc6 22. Rxe7 Bxe7 23. Re8 Bd6 24. Bxc6 Rb8 25. b3 Bf5 26. Rxb8 Bxb8 27. Na3 Kf6 28. g3 Ke5 29. Bb7 Bd3 30. Nc4+ Bxc4
31. bxc4 a5 32. Bd5 f6 33. f4+ Kd4 34. Kg2 Bd6 35. Kf3 a4 36. Bg8 h6 37. Bf7 g5 38. fxg5 fxg5 39. Kg4 a3 40. Kh5 Kc3
41. c5 Bxc5 42. Kxh6 Be7 43. Kg6 Kd4 44. Kf5=
1/2-1/2

[Event "Class Tournaments HC #11"]
[Site "SchemingMind.com"]
[Date "2014.10.06"]
[Round "-"]
[White "kibic"]
[Black "Ebanon "]
[Result "1/2-1/2"]
[WhiteCountry "INT"]
[BlackCountry "ESP"]
[WhiteElo "2425"]
[WhiteRD "74"]
[BlackElo "2430"]
[BlackRD "75"]
[GameID "366570"]

1. d4 Nf6 2. c4 e6 3. Nf3 c5 4. d5 d6 5. Nc3 exd5 6. cxd5 g6 7. Bf4 a6 8. a4 Bg7 9. h3 O-O 10. e3 Re8
11. Nd2 Nfd7 12. Be2 Ne5 13. O-O Nbd7 14. Qc2 b6 15. Nce4 Qc7 16. Bxe5 Bxe5 17. Nc4 f5 18. Ng5 Bf6 19. Ne6 Qb8 20. Rfd1 Nf8
21. Bf3 Ra7 22. Rab1 b5=
1/2-1/2

[Event "Class Tournaments HC #11"]
[Site "SchemingMind.com"]
[Date "2014.10.06"]
[Round "-"]
[White "Ebanon "]
[Black "kibic"]
[Result "1/2-1/2"]
[WhiteCountry "ESP"]
[BlackCountry "INT"]
[WhiteElo "2430"]
[WhiteRD "75"]
[BlackElo "2425"]
[BlackRD "74"]
[GameID "366571"]

1. e4 c5 2. Nf3 Nc6 3. d4 cxd4 4. Nxd4 Nf6 5. Nc3 e5 6. Ndb5 d6 7. Bg5 a6 8. Na3 b5 9. Bxf6 gxf6 10. Nd5 f5
11. Bd3 Be6 12. O-O Bxd5 13. exd5 Ne7 14. c3 Bg7 15. Re1 O-O 16. Qh5 e4 17. Bf1 Re8 18. Nc2 Nxd5 19. Qxf5 Re5 20. Qg4 f5
21. Qe2 Nb6 22. g3 Qf6 23. f4 Rc5 24. Ne3 Nc4 25. a4 Rd8 26. axb5=
1/2-1/2